Research design : qualitative, quantitative, and mixed methods approaches /

"The new edition of the best-selling text, Research Design: Qualitative, Quantitative, and Mixed Methods Approaches by John W. Creswell and co-author J. David Creswell, continues the pioneering tradition of providing clear and concise instruction for understanding research and developing propos...

Full description

Bibliographic Details
Main Authors: Creswell, John W. (Author), Creswell, J. David (Author)
Format: Book
Language:English
Published: Los Angeles : SAGE, c2023.
Edition:Sixth edition.
Subjects:
Classic Catalogue: View this record in Classic Catalogue
LEADER 03991nam a2200421 i 4500
001 44853
003 BD-DhAAL
005 20250924095700.0
008 240924t2023 caua b 001 0 eng d
010 |a  2022032270 
020 |a 9781071817940  |q paperback 
020 |z 9781071817971  |q pdf 
020 |z 9781071817964  |q ePub 
020 |z 9781071817957  |q ePub 
035 |a 22683807 
040 |a DLC  |b eng  |e rda  |c DLC  |d BD-DhAAL 
042 |a pcc 
050 0 0 |a H62  |b .C6963 2023 
082 0 0 |a 300.721  |2 23 
100 1 |a Creswell, John W.,  |e author. 
245 1 0 |a Research design :  |b qualitative, quantitative, and mixed methods approaches /  |c John W. Creswell, J. David Creswell. 
246 1 8 |a Research design 
250 |a Sixth edition. 
260 |a Los Angeles :  |b SAGE,  |c c2023. 
300 |a xxvii, 291 pages :  |b illustrations ;  |c 24 cm 
504 |a Includes bibliographical references and index. 
520 |a "The new edition of the best-selling text, Research Design: Qualitative, Quantitative, and Mixed Methods Approaches by John W. Creswell and co-author J. David Creswell, continues the pioneering tradition of providing clear and concise instruction for understanding research and developing proposals for all three approaches. This classic text walks students through research methods, starting with a preliminary consideration of philosophical assumptions, continuing with a review of the literature, an assessment of the use of theory in research approaches, and ending with reflections about the importance of writing and ethics in scholarly inquiry in a way that is applicable to all types of research. Coverage of key elements of the research process helps readers organize and develop their research project, giving specific attention to each methodological approach. The book has been lauded for its language and tone, which are both accessible and inviting. Students keep and continue to use this text as a resource throughout their studies, once the specific class is over. The Sixth Edition includes more coverage of community-based participatory research, comparisons of qualitative and quantitative research, an expanded glossary with basic terms, updated examples of social, behavioral, and health research, new coverage of ethical requirements, updated APA 7th edition coverage, and additional exercises aimed at research projects"-- 
526 |a ESS  |x Meheri Tamanna Senior Lecturer Department of Economics and Social Sciences BRAC University Course Name : Population and Society (ANT 310) 
541 |a Hye Trade International  |e 44853, 44854, 44855 
650 0 |a Social sciences  |x Research  |x Methodology. 
650 0 |a Social sciences  |x Statistical methods. 
700 1 |a Creswell, J. David,  |e author.  |9 38565 
852 |a Ayesha Abed Library  |c General Stacks 
942 |2 ddc  |c BK 
999 |c 47590  |d 47590 
952 |0 0  |1 0  |2 ddc  |4 0  |6 300_721000000000000_CRE  |7 0  |9 78257  |a BRACUL  |b BRACUL  |c GEN  |d 2025-09-23  |e Hye Trade International  |g 2088.00  |l 1  |m 3  |o 300.721 CRE  |p 3010044855  |q 2026-06-02  |r 2026-04-25  |s 2026-04-25  |t 3  |v 4176.00  |w 2025-09-23  |y BK  |x Requisitioned by Meheri Tamanna (Senior Lecturer, Department of Economics and Social Sciences, BRAC University) for the course named- 'Population and Society (ANT 310)' 
952 |0 0  |1 0  |2 ddc  |4 0  |6 300_721000000000000_CRE  |7 0  |9 78258  |a BRACUL  |b BRACUL  |c NEW  |d 2025-09-23  |e Hye Trade International  |g 2088.00  |l 1  |m 3  |o 300.721 CRE  |p 3010044853  |r 2025-12-07  |s 2025-11-10  |t 1  |v 4176.00  |w 2025-09-23  |y BK  |x Requisitioned by Meheri Tamanna (Senior Lecturer, Department of Economics and Social Sciences, BRAC University) for the course named- 'Population and Society (ANT 310)' 
952 |0 0  |1 0  |2 ddc  |4 0  |6 300_721000000000000_CRE  |7 0  |9 78259  |a BRACUL  |b BRACUL  |c GEN  |d 2025-09-23  |e Hye Trade International  |g 2088.00  |l 1  |o 300.721 CRE  |p 3010044854  |r 2026-04-19  |s 2026-01-29  |t 2  |v 4176.00  |w 2025-09-23  |y BK  |x Requisitioned by Meheri Tamanna (Senior Lecturer, Department of Economics and Social Sciences, BRAC University) for the course named- 'Population and Society (ANT 310)'